Missing Word: Ben Kingsley Quiz Stats

 Plays Quiz Updated Aug 1, 2016

Challenge
Share
Tweet
Embed
Score 0/22 Timer 04:00
0 Plays Today
Movie Word % Correct
Schindler's ____List
99.5%
The Jungle _____Book
92.2%
A.I. __________ IntelligenceArtificial
92.2%
Shutter ______Island
89.6%
What Planet Are ___ From?You
87.7%
______ TwistOliver
86.6%
Prince of Persia: The Sands of _____Time
84.8%
Ender's _____Game
84.2%
_____ of EngagementRules
80.6%
The Ten ____________Commandments
76.1%
Lucky ______ SlevinNumber
71.6%
Movie Word % Correct
Fifty ____ Men WalkingDead
71.1%
Romeo.______Juliet
62.2%
House of Sand and ___Fog
54.7%
Sexy _____Beast
36.8%
_____: Gods and KingsExodus
26.5%
A _____ of Thunder Sound
20%
Night at the Museum: _____ of the TombSecret
19.5%
Suspect ____Zero
14.7%
Fear Is the ___Key
12.8%
Spooky _____House
11.4%
___ vita scellerataUna
6%

Today's Daily Dose

You're not logged in!

Compare scores with friends on all Sporcle quizzes.
Join for Free
OR
Log In

You Might Also Like...

Show Comments

Extras

Top Quizzes Today


Score Distribution

Your Account Isn't Verified!

In order to create a playlist on Sporcle, you need to verify the email address you used during registration. Go to your Sporcle Settings to finish the process.

Report this User

Report this user for behavior that violates our Community Guidelines.

Details: